00401nam a2200169Ia 4500003000400000005001700004008004000021020001800061040000700079041000800086082001500094100001200109245004700121250000600168260004400174300001300218OSt20251206094931.0210210b2018 xxu||||| |||| 00| 0 eng d a9788120351301 cAL aeng a332.6 KEVS aKevin S aSecurity analysis and portfolio management a2 aNew DelhibPHI Learning Pvt. Ltd.c2018 axvi,344p